| 000 | 00696nam a2200241Ia 4500 | ||
|---|---|---|---|
| 003 | OSt | ||
| 005 | 20220918194108.0 | ||
| 006 | a|||||r|||| 00| 0 | ||
| 007 | ta | ||
| 008 | 220917b |||||||| |||| 00| 0 eng d | ||
| 024 | _a77,690 | ||
| 037 | _cTextual | ||
| 040 |
_aARTS _cARTS _beng |
||
| 041 |
_2eng _aeng |
||
| 082 | _aSb4hOs, K6 | ||
| 110 |
_aAmerican psychological Association (Washington) _983475 |
||
| 245 | 0 | _aInternational opportunites for advanced training and research in psychology | |
| 260 | _c1966 | ||
| 650 | _aPSYCHOLOGY | ||
| 700 |
_aAmerican psychological Association (Washington) _983476 |
||
| 942 |
_hSb4hOs, K6 _cTEXL _2CC |
||
| 999 |
_c201593 _d201593 |
||